000 00400nam a22001697a 4500
005 20160629143936.0
008 160629b xxu||||| |||| 00| 0 eng d
020 _a978-93-5014-314-8
041 _aeng
082 _b12405
100 _aGupta, J B
_93167
245 _aElectronic Devices & Circuits
260 _bKatson
_c2012
300 _a1000
650 _aDiploma Engineering
_9817
942 _cBK
999 _c4711
_d4709